QUEST Central Library Banner

Zen endless path (Record no. 58091)

MARC details
000 -LEADER
fixed length control field 00220nam a22001097a 4500
082 ## - DEWEY DECIMAL CLASSIFICATION NUMBER
Classification number 194.3927HAR
100 ## - MAIN ENTRY--AUTHOR NAME
Personal name Harrison J
245 ## - TITLE STATEMENT
Title Zen endless path
260 ## - PUBLICATION, DISTRIBUTION, ETC. (IMPRINT)
Name of publisher Flame Tree Pub
Year of publication 1984
300 ## - PHYSICAL DESCRIPTION
Number of Pages 384
942 ## - ADDED ENTRY ELEMENTS (KOHA)
Koha item type Books
Holdings
Withdrawn status Lost status Home library Current library Date acquired Cost, normal purchase price Full call number Accession Number Koha item type
    Central Library, QUEST, Nawabshah Central Library, QUEST, Nawabshah 30/10/2017 1442.00 194.3927HAR 56965 Books

Copyright © 2018,The QUEST, Nawabshah, Shaheed Benazirabad. All rights reserved
Mr. G. Farooq Channar (Librarian) QUEST, Nawabshah, Sindh, Pakistan 67480.
 Ph#: |   0244-9370381-4 Ext. 2308   Email| lib@quest.edu.pk   Web|  http://www.quest.edu.pk